| 000 | 01063cam a2200229 4500 | ||
|---|---|---|---|
| 008 | 030627n2003 000 0 eng u | ||
| 020 | _a1898671214 | ||
| 035 | _a(Sirsi) u122791 | ||
| 041 | _aeng | ||
| 050 |
_a333.73 _c18 |
||
| 110 |
_aConstruction Industry Council _92417 |
||
| 245 |
_aBrownfields - building on previously developed land _ba briefing guide for construction clients |
||
| 260 |
_aLondon _bCIC _c2003 |
||
| 300 |
_a32p. _c30cm |
||
| 350 | _a5 | ||
| 520 | _aAlthough designed as a tool for clients this guide is also useful to construction professionals, providing a framework for developing brownfield land. The guide helps to identify the major technical issues in the development process, the clients' capabilities and ways to encourage a production dialogue between clients and their professional advisors. | ||
| 650 | _aBROWNFIELD LAND | ||
| 690 | _aDEVELOPMENT-SUSTAINABLE | ||
| 710 |
_aConstruction Industry Research and Information Association _94810 |
||
| 710 |
_aUnited Kingdom _bDepartment of Trade and Industry |
||
| 942 | _n0 | ||
| 999 |
_c102930 _d102930 |
||